Прочность пространственных элементов конструкций: учебное пособие; в 3 ч.
| 主要作者: | |
|---|---|
| 其他作者: | |
| 語言: | 俄语 |
| 出版: |
Москва, Высшая школа, 1979
|
| 版: | 2-е изд., перераб. и доп. |
| 格式: | MixedMaterials 圖書 |
| KOHA link: | https://koha.lib.tpu.ru/cgi-bin/koha/opac-detail.pl?biblionumber=251666 |
MARC
| LEADER | 00000nam1a2200000 4500 | ||
|---|---|---|---|
| 001 | 251666 | ||
| 005 | 20240607104633.0 | ||
| 035 | |a (RuTPU)RU\TPU\book\273974 | ||
| 090 | |a 251666 | ||
| 100 | |a 20140224g19791980m||y0rusy50 ca | ||
| 101 | 0 | |a rus | |
| 102 | |a RU | ||
| 200 | 1 | |a Прочность пространственных элементов конструкций |e учебное пособие |e в 3 ч. |f В. Н. Ионов, П. М. Огибалов | |
| 205 | |a 2-е изд., перераб. и доп. | ||
| 210 | |a Москва |c Высшая школа |d 1979 | ||
| 700 | 1 | |a Ионов |b В. Н. |g Валентин Николаевич | |
| 701 | 1 | |a Огибалов |b П. М. |g Петр Матвеевич | |
| 801 | 1 | |a RU |b 63413507 |c 20140224 | |
| 942 | |c BK | ||